Capital structuring / (Record no. 342767)

000 -LEADER
fixed length control field 00859 a2200253 4500
020 ## - INTERNATIONAL STANDARD BOOK NUMBER
International Standard Book Number 0852974590
020 ## - INTERNATIONAL STANDARD BOOK NUMBER
International Standard Book Number 9780852974599
090 ## - LOCALLY ASSIGNED LC-TYPE CALL NUMBER (OCLC); LOCAL CALL NUMBER (RLIN)
-- 193
-- 193
100 1# - MAIN ENTRY--PERSONAL NAME
Personal name Coyle, Brian.
245 10 - TITLE STATEMENT
Title Capital structuring /
Statement of responsibility, etc. Brian Coyle.
250 ## - EDITION STATEMENT
Edition statement Rev Ed ed.
260 ## - PUBLICATION, DISTRIBUTION, ETC.
Place of publication, distribution, etc. [S.l.] :
Name of publisher, distributor, etc. Financial World Publishing,
Date of publication, distribution, etc. 2004.
300 ## - PHYSICAL DESCRIPTION
Extent 126 p. ;
Dimensions 24 cm.
490 1# - SERIES STATEMENT
Series statement Risk management series: corporate finance.
500 ## - GENERAL NOTE
General note Import.
500 ## - GENERAL NOTE
General note Hardcover.
650 #4 - SUBJECT ADDED ENTRY--TOPICAL TERM
Topical term or geographic name entry element Corporate finance.
650 #4 - SUBJECT ADDED ENTRY--TOPICAL TERM
Topical term or geographic name entry element Risk assessment & analysis for business.
650 #4 - SUBJECT ADDED ENTRY--TOPICAL TERM
Topical term or geographic name entry element Economics.
830 #0 - SERIES ADDED ENTRY--UNIFORM TITLE
Uniform title Risk management series: corporate finance.
856 40 - ELECTRONIC LOCATION AND ACCESS
Materials specified Amazon.com
Uniform Resource Identifier <a href="http://www.amazon.com/exec/obidos/ASIN/0852974590/chopaconline-20">http://www.amazon.com/exec/obidos/ASIN/0852974590/chopaconline-20</a>
856 40 - ELECTRONIC LOCATION AND ACCESS
Materials specified Amazon customer reviews
Uniform Resource Identifier <a href="http://www.chopac.org/cgi-bin/tools/azrev.pl?q=0852974590">http://www.chopac.org/cgi-bin/tools/azrev.pl?q=0852974590</a>
942 ## - ADDED ENTRY ELEMENTS (KOHA)
Institution code [OBSOLETE] NBS
Koha item type Book
Call number prefix 658.15 COY
Holdings
Withdrawn status Lost status Source of classification or shelving scheme Damaged status Not for loan Permanent Location Current Location Date acquired Full call number Barcode Date last seen Price effective from Koha item type Public note
  Write Off       Central Library (CL) Central Library (CL) 08/28/2013 658.15 COY NBS5224 08/28/2013 08/28/2013 Book Write off File No.0908/IRC/NBS Dated Aug 16, 2018
© 2023 Central Library, National University of Sciences and Technology. All Rights Reserved.